000 00589nas a2200193 a 4500
001 000035057
003 DLC
005 20240905123019.0
008 111024c19409999dr mr1pdd 0 0spa d
040 _aDO-SdBNP
_bspa
_cDO-SdBNP
_erda
043 _anwdr
130 0 _aBoletín de estadística bancaria
_960698
245 0 0 _aBoletín de estadística bancaria.
260 _aCiudad Trujillo :
_bDirección General de Estadística Nacional. Sección de Producción y Economía.,
_c1940.
300 _c21cm.
362 0 _a1939
500 _aTítulo tomado de la portada
942 _2ddc
_cISSUE
999 _c34548
_d34548